000 01805cam a22003977i 4500
005 20260322212036.0
008 data
010 _a 2015933141
020 _a9780848745790
020 _a0848745795
040 _aBTCTA
_beng
_cBTCTA
_erda
_dDLC
_dBKL
_dUOK
_dOCLCO
_dTNH
_dVP@
_dEIK
_dHQD
_dDLC
042 _alccopycat
050 0 0 _aRC81.A2
_bM36 2015
082 0 4 _a613
_223
092 _a613 Lit 2015
245 0 0 _aMayo Clinic A to Z health guide /
_cedited by Scott C. Litin & Mayo Clinic.
260 _aNew York, NY :
_bTime Home Entertainment, Inc.,
_c2015.
264 1 _aNew York, NY :
_bTime Home Entertainment, Inc.,
_c[2015]
300 _avi, 319 pages :
_bcolor illustrations ;
_c26 cm
336 _atext
_btxt
_2rdacontent
337 _aunmediated
_bn
_2rdamedia
338 _avolume
_bnc
_2rdacarrier
500 _aIncludes index.
520 _aOne of the United States' leading not-for-profit health organizations presents an encyclopedic guide to health that covers such conditions as acne, epilepsy, and lactose intolerance.
650 0 _aHealth
_vEncyclopedias.
650 0 _aMedicine, Popular
_vEncyclopedias.
700 1 _aLitin, Scott C.,
_eeditor.
710 2 _aMayo Clinic.
856 4 2 _3Contributor biographical information
_uhttp://www.loc.gov/catdir/enhancements/fy1606/2015933141-b.html
856 4 2 _3Publisher description
_uhttp://www.loc.gov/catdir/enhancements/fy1606/2015933141-d.html
906 _a0
_bibc
_ccopycat
_d2
_encip
_f20
_gy-gencatlg
925 0 _aacquire
_b1 shelf copy
_xpolicy default
001 data
999 _c838
_d838